<?xml version="1.0" encoding="UTF-8"?>
<record
    xmlns:xsi="http://www.w3.org/2001/XMLSchema-instance"
    xsi:schemaLocation="http://www.loc.gov/MARC21/slim http://www.loc.gov/standards/marcxml/schema/MARC21slim.xsd"
    xmlns="http://www.loc.gov/MARC21/slim">

  <leader>05612cam a22004814i 4500</leader>
  <controlfield tag="003">PE-LiUPU</controlfield>
  <controlfield tag="005">20250731173420.0</controlfield>
  <controlfield tag="008">150706s1996    miu     r     000 0 spa d</controlfield>
  <datafield tag="020" ind1=" " ind2=" ">
    <subfield code="a">9780825411144</subfield>
  </datafield>
  <datafield tag="035" ind1=" " ind2=" ">
    <subfield code="a">(Sirsi) i9780825411144</subfield>
  </datafield>
  <datafield tag="040" ind1=" " ind2=" ">
    <subfield code="a">PE-LiUPU</subfield>
    <subfield code="b">spa</subfield>
    <subfield code="c">PE-LiUPU</subfield>
    <subfield code="e">rda</subfield>
  </datafield>
  <datafield tag="049" ind1=" " ind2=" ">
    <subfield code="a">PRUA</subfield>
  </datafield>
  <datafield tag="082" ind1="0" ind2="4">
    <subfield code="a">251.02</subfield>
    <subfield code="b">PP 1</subfield>
    <subfield code="2">21</subfield>
  </datafield>
  <datafield tag="100" ind1="1" ind2=" ">
    <subfield code="a">Campbell, Roger F.,</subfield>
    <subfield code="d">1930- ,</subfield>
    <subfield code="e">autor.</subfield>
  </datafield>
  <datafield tag="245" ind1="1" ind2="0">
    <subfield code="a">Predique por un a&#xF1;o #1 :</subfield>
    <subfield code="b">104 bosquejos de sermones. Dos bosquejos completos para cada domingo del a&#xF1;o /</subfield>
    <subfield code="c">Roger Campbell .</subfield>
  </datafield>
  <datafield tag="264" ind1=" " ind2="1">
    <subfield code="a">Grand Rapids :</subfield>
    <subfield code="b">Editorial Portavoz,</subfield>
    <subfield code="c">[1996].</subfield>
  </datafield>
  <datafield tag="300" ind1=" " ind2=" ">
    <subfield code="a">224 p&#xE1;ginas ;</subfield>
    <subfield code="c">22 cent&#xED;metros.</subfield>
  </datafield>
  <datafield tag="336" ind1=" " ind2=" ">
    <subfield code="a">text</subfield>
    <subfield code="2">rdacontent</subfield>
  </datafield>
  <datafield tag="337" ind1=" " ind2=" ">
    <subfield code="a">unmediated</subfield>
    <subfield code="2">rdamedia</subfield>
  </datafield>
  <datafield tag="338" ind1=" " ind2=" ">
    <subfield code="a">volume</subfield>
    <subfield code="2">rdacarrier</subfield>
  </datafield>
  <datafield tag="490" ind1="0" ind2=" ">
    <subfield code="a">Predique por un a&#xF1;o</subfield>
  </datafield>
  <datafield tag="505" ind1="0" ind2=" ">
    <subfield code="a">Enero -- &#xA1;Feliz a&#xF1;o nuevo! -- Resoluciones de personajes b&#xED;blicos -- El gozo de la salvaci&#xF3;n -- La Biblia es la Palabra de Dios -- &#xBF;Y si Juan 3:16 no fuera verdad? -- Gozo por uno solo que se salva -- Inventario en la pocilga -- Los pecados del hermano del pr&#xF3;digo -- Febrero -- Cuando los cristianos sufren -- Qu&#xE9; hacer con las preocupaciones de la vida -- Triunfo en los problemas -- &#xBF;Qu&#xE9; a ti? -- &#xBF;Qui&#xE9;n es este? -- La pregunta de Pilato (empieza la serie sobre la cruz) -- Tres cruces en el monte Calvario -- Le guardaban all&#xED; -- Marzo -- Perd&#xF3;nalos -- Hoy en el para&#xED;so -- "Mujer, he ahi a tu hijo" -- Jes&#xFA;s se identifica con los pecadores -- El Salvador sediento -- "Consumado es" -- La palabra de seguridad -- Despu&#xE9;s de la cruz (concluye la serie sobre la cruz) -- Abril -- L&#xE1;grimas del domingo de ramos -- Sumisi&#xF3;n -- De sepultureras a misioneras -- El Cristo resucitado: &#xBF;C&#xF3;mo es &#xC9;l? -- Los "mas" de la resurrecci&#xF3;n -- Los hombres m&#xE1;s valiosos de la ciudad -- Cristianos en conflicto -- Amor etermo -- Mayo -- Una mujer para recordar en los &#xFA;ltimos d&#xED;as -- Si Cristo viniera hoy -- La madre que encontr&#xF3; aceite en su casa -- La mujer de gran fe -- C&#xF3;mo ganar a su esposo, tratar a su esposa y lograr respuestas a sus oraciones -- C&#xF3;mo edificar un matrimonio s&#xB4;lido -- Dame este monte -- El cojo -- Junio -- El Se&#xF1;or es bueno: &#xA1;D&#xED;galo dondequiera que vaya! -- El hombre bendecido por Dios -- El padre del pr&#xF3;digo -- Hombres llenos de celo -- D&#xED;a de graduaci&#xF3;n para Josu&#xE9; -- Cosas rotas -- La pregunta incontestable -- Al infierno y de regreso -- Julio -- El nacimiento de una naci&#xF3;n -- Fe: &#xA1;Lo que es y lo que hace! -- Pan multiplicado -- &#xBF;Qu&#xE9; haces aqu&#xED;? -- Siete mil santos silenciosos -- El arma m&#xE1;s mortifera del hombre -- Toque el borde de su manto -- Dios a la puerta -- Agosto -- C&#xF3;mo crecer en la gracia (empieza la serie sobre el crecimiento) -- Indicadores de infancia -- Gu&#xED;as para el crecimiento -- Caracter&#xED;sticas de la madurez -- Algunas cosas negativas del crisitianismo maduro -- Cosas positivas en la vida cristiana -- Aprendiendo a caminar -- El cristiano que crece y su enemigo -- Septiembre -- El cristiano que crece y su batalla contra el enemigo: primera parte -- El cristiano que crece y su batalla contra el enemigo: segunda parte (concluye la serie sobre el crecimiento) -- La ciudad que Dios quer&#xED;a salvar (empieza la serie sobre Jon&#xE1;s) -- La oraci&#xF3;n de Jon&#xE1;s -- La segunda vez -- El avivamiento en N&#xED;nive -- El profeta enfurru&#xF1;ado (concluye la serie sobre Jon&#xE1;s) -- Avivamiento (empienza la serie sobre el avivamiento) -- Octubre -- Avivamiento: &#xA1;En qup&#xE9; tiempo! -- Avivamiento en la prisi&#xF3;n -- El avivamiento que necesitamos -- Porqu&#xE9; los cristianos no tiene un avivamiento -- La cena del Se&#xF1;or y el avivamiento (concluye la serie sobre el avivamiento) -- Agua viva (empieza la serie sobre el Esp&#xED;ritu Santo) -- El Esp&#xED;ritu Santo: Qui&#xE9;n es y lo que hace -- Retomemos pentecost&#xE9;s -- Noviembre -- El Esp&#xED;ritu Santo y la conversi&#xF3;n -- El cuerpo del cristiano: Templo del Esp&#xED;ritu Santo -- El Esp&#xED;ritu Santo y la vida cristiana -- El Esp&#xED;ritu Santo en la iglesia -- Sea lleno del Esp&#xED;ritu (concluye la serie sobre el Esp&#xED;ritu Santo) -- Acci&#xF3;n de gracias con Pablo -- Con Cristo en el d&#xED;a de acci&#xF3;n de gracias -- Diciembre -- El d&#xED;a de aligerar las cargas (empieza la serie acerca del nacimiento de Cristo) -- No temas -- A tiempo y con precisi&#xF3;n -- La aparici&#xF3;n a Jos&#xE9; -- El nombre Jes&#xFA;s -- Buenas nuevas para pastores y otros pecadores (concluye la serie acerca del nacimiento de Cristo) -- La &#xFA;ltima invitaci&#xF3;n de la Biblia -- &#xA1;No mire atr&#xE1;s!.Quintos domingos -- Todo en cuanto a la ofrenda del cristiano -- Protecci&#xF3;n en las tormentas -- Conozca a mi buen samaritano -- &#xBF;A qui&#xE9;n iremos? -- Para tiempos como &#xE9;stos -- Gracias a Dios por usted -- El hogar cristiano -- El texto m&#xE1;s querido sobre el cielo -- &#xCD;ndice de textos b&#xED;blicos.</subfield>
  </datafield>
  <datafield tag="526" ind1=" " ind2=" ">
    <subfield code="a">SEG42</subfield>
  </datafield>
  <datafield tag="526" ind1=" " ind2=" ">
    <subfield code="a">SEG41</subfield>
  </datafield>
  <datafield tag="526" ind1=" " ind2=" ">
    <subfield code="a">SEG40</subfield>
  </datafield>
  <datafield tag="526" ind1=" " ind2=" ">
    <subfield code="a">SEG39</subfield>
  </datafield>
  <datafield tag="526" ind1=" " ind2=" ">
    <subfield code="a">P94</subfield>
  </datafield>
  <datafield tag="526" ind1=" " ind2=" ">
    <subfield code="a">P87</subfield>
  </datafield>
  <datafield tag="526" ind1=" " ind2=" ">
    <subfield code="a">P86</subfield>
  </datafield>
  <datafield tag="526" ind1=" " ind2=" ">
    <subfield code="a">P85</subfield>
  </datafield>
  <datafield tag="526" ind1=" " ind2=" ">
    <subfield code="a">P77</subfield>
  </datafield>
  <datafield tag="526" ind1=" " ind2=" ">
    <subfield code="a">P76</subfield>
  </datafield>
  <datafield tag="526" ind1=" " ind2=" ">
    <subfield code="a">P35</subfield>
  </datafield>
  <datafield tag="541" ind1=" " ind2=" ">
    <subfield code="g">001-0000583;</subfield>
  </datafield>
  <datafield tag="650" ind1="0" ind2="4">
    <subfield code="a">Sermones b&#xED;blicos.</subfield>
  </datafield>
  <datafield tag="700" ind1="1" ind2=" ">
    <subfield code="a">Mes&#xED;as, Miguel A.,</subfield>
    <subfield code="e">traductor.</subfield>
  </datafield>
  <datafield tag="910" ind1=" " ind2=" ">
    <subfield code="a">gl</subfield>
    <subfield code="c">jck</subfield>
    <subfield code="d">20120610</subfield>
  </datafield>
  <datafield tag="942" ind1=" " ind2=" ">
    <subfield code="2">ddc</subfield>
    <subfield code="c">BOOK</subfield>
  </datafield>
  <datafield tag="949" ind1=" " ind2=" ">
    <subfield code="a">251.02 PP 1</subfield>
    <subfield code="w">DEWEY</subfield>
    <subfield code="c">1</subfield>
    <subfield code="i">64915</subfield>
    <subfield code="l">CCODEBUL1</subfield>
    <subfield code="m">BUL</subfield>
    <subfield code="p">13.00</subfield>
    <subfield code="r">0</subfield>
    <subfield code="s">Y</subfield>
    <subfield code="t">BOOK</subfield>
    <subfield code="u">2015-7-6</subfield>
    <subfield code="x">TEOLOGIA</subfield>
    <subfield code="P">P35</subfield>
    <subfield code="o">.STAFF. Colecci&#xF3;n General</subfield>
  </datafield>
  <datafield tag="994" ind1=" " ind2=" ">
    <subfield code="a">C0</subfield>
    <subfield code="b">PEPRU</subfield>
  </datafield>
  <datafield tag="596" ind1=" " ind2=" ">
    <subfield code="a">1</subfield>
  </datafield>
  <datafield tag="999" ind1=" " ind2=" ">
    <subfield code="a">251.02 PP 1</subfield>
    <subfield code="w">DEWEY</subfield>
    <subfield code="c">53623</subfield>
    <subfield code="i">64915</subfield>
    <subfield code="d">53623</subfield>
    <subfield code="e">2019-6-14</subfield>
    <subfield code="f">2021-11-10</subfield>
    <subfield code="g">5</subfield>
    <subfield code="l">CCODEBUL1</subfield>
    <subfield code="m">BUL</subfield>
    <subfield code="n">10</subfield>
    <subfield code="p">13.00</subfield>
    <subfield code="q">4</subfield>
    <subfield code="r">0</subfield>
    <subfield code="s">Y</subfield>
    <subfield code="t">BOOK</subfield>
    <subfield code="u">2015-7-6</subfield>
    <subfield code="x">TEOLOGIA</subfield>
    <subfield code="P">P35</subfield>
    <subfield code="0">COMPRA</subfield>
    <subfield code="o">.STAFF. Colecci&#xF3;n Teolog&#xED;a</subfield>
  </datafield>
  <datafield tag="980" ind1=" " ind2=" ">
    <subfield code="8">1</subfield>
    <subfield code="g">ALBERTO SANCHEZ Responsable de Automatizaci&#xF3;n</subfield>
  </datafield>
  <datafield tag="952" ind1=" " ind2=" ">
    <subfield code="r">2025-12-03 00:00:00</subfield>
    <subfield code="i">6</subfield>
    <subfield code="l">12</subfield>
    <subfield code="o">251.02 PP 1</subfield>
    <subfield code="p">64915</subfield>
    <subfield code="s">2023-10-31</subfield>
    <subfield code="t">e1</subfield>
    <subfield code="v">18.00</subfield>
    <subfield code="w">2015-07-06</subfield>
    <subfield code="x">FT</subfield>
    <subfield code="y">BK</subfield>
    <subfield code="z">inventario-2023-12-13</subfield>
    <subfield code="1">0</subfield>
    <subfield code="2">ddc</subfield>
    <subfield code="5">0</subfield>
    <subfield code="7">0</subfield>
    <subfield code="8">GEN</subfield>
    <subfield code="f">P35</subfield>
    <subfield code="a">BUL</subfield>
    <subfield code="b">BUL</subfield>
    <subfield code="c">GEN</subfield>
    <subfield code="d">2015-07-06</subfield>
    <subfield code="e">COMPRA</subfield>
    <subfield code="g">13.00</subfield>
  </datafield>
</record>
